000 00527pab a2200169 454500
008 180718b2005 xxu||||| |||| 00| 0 eng d
100 _aMaganda, Carmen
245 _aCollateral damage: how the san diego-imperial valley water agreement affects the Mexican side of the border
260 _c2005
300 _ap.486-506.
362 _aDec
650 _aEnvironmental policy - Mexico
650 _aWater resources - Mexico
650 _aWater resources
773 _aJournal of Environment and Development
909 _a68026
999 _c68026
_d68026